00630nam a2200205Ia 4500003000900000008004100009040001300050040001300063041000800076100002200084245006800106250001100174260000900185260000900194300001000203490000700213942000700220999001300227952018400240IT-RoPAU120407s9999 xx 000 0 und d aIT-RoPAU cIT-RoPAU aita aRoberto Almagià aLe regioni d’Italia. Collezione diretta da Roberto Almagià. aTorino aUtet c1960 c29 cm v18 cBK c421d421 00102ddc406914_80000000000000071aPAULUSbPAULUSd2012-04-11l0o914.8r2012-04-11 00:00:00w2012-04-11yBKzInserito da: Anna In data: n.d. fondo: Via A.Severo 56 Progr:23736